xMAP panel pro detekci vybraných patogenů v živočišné matrici /

Hlavní autor: Zalewska, Barbora
Další autoři: Nesvadbová, Michaela, Hulánková, Radka
Jazyk: Čeština
Vydáno: Brno : Výzkumný ústav veterinárního lékařství, v.v.i., 2021
Edice: Prototyp ; 3836/2021
Témata:
Fyzický popis: 26 stran ; 21 cm
Knihy
Uloženo v:
LEADER 02387nam a2200625 i 4500
001 nkc20223394465
003 CZ PrNK
005 20220401092124.0
007 ta
008 220204s2021 xr f f 000 0 cze
015 |a cnb003394465 
020 |a 978-80-7672-020-6  |q (brožováno) 
035 |a (OCoLC)1310113911 
040 |a OLA001  |b cze  |e rda 
072 7 |a 636.09  |x Veterinární lékařství  |2 Konspekt  |9 24 
080 |a 614.31  |2 MRF 
080 |a 664:637  |2 MRF 
080 |a 579.083  |2 MRF 
080 |a 57.088.7  |2 MRF 
080 |a 636.09:616-07  |2 MRF 
080 |a 579.81/.87:616-092  |2 MRF 
080 |a (083.94:0.067)  |2 MRF 
100 1 |a Zalewska, Barbora  |4 aut 
245 1 0 |a xMAP panel pro detekci vybraných patogenů v živočišné matrici /  |c Barbora Zalewska, Michaela Nesvadbová, Radka Hulánková 
264 1 |a Brno :  |b Výzkumný ústav veterinárního lékařství, v.v.i.,  |c 2021 
300 |a 26 stran ;  |c 21 cm 
336 |a text  |b txt  |2 rdacontent 
337 |a bez média  |b n  |2 rdamedia 
338 |a svazek  |b nc  |2 rdacarrier 
490 1 |a Prototyp ;  |v 3836/2021 
504 |a Obsahuje bibliografii a bibliografické odkazy 
650 0 7 |a hygiena potravin  |7 ph120984  |2 czenas 
650 0 7 |a potraviny živočišného původu  |7 ph153569  |2 czenas 
650 0 7 |a mikrobiologická analýza  |7 ph437934  |2 czenas 
650 0 7 |a genetické metody  |7 ph261562  |2 czenas 
650 0 7 |a veterinární diagnostika  |7 ph137081  |2 czenas 
650 0 7 |a patogenní bakterie  |7 ph205446  |2 czenas 
650 0 9 |a food hygiene  |2 eczenas 
650 0 9 |a food of animal origin  |2 eczenas 
650 0 9 |a microbiological analysis  |2 eczenas 
650 0 9 |a genetic methods  |2 eczenas 
650 0 9 |a veterinary diagnostics  |2 eczenas 
650 0 9 |a pathogenic bacteria  |2 eczenas 
653 0 |a prototyp 
655 7 |a projektové dokumenty  |7 fd987232  |2 czenas 
655 9 |a project documents  |2 eczenas 
700 1 |a Nesvadbová, Michaela  |7 mzk20191027064  |4 aut 
700 1 |a Hulánková, Radka  |7 uzp2012699287  |4 aut 
810 2 |a Výzkumný ústav veterinárního lékařství.  |t Prototyp  |0 s 
910 2 |a BOA001  |b 2-1483.050 
990 |a BK 
995 |a 01 
991 |b 202203  |c NOV 
996 6 |b 2610896559  |c 2-1483.050  |l MZK  |r Sklad / do 1 hodiny  |n 0  |p p.v.  |w 001880142  |u 000010  |a 1  |e BOA001  |j MZK50  |s P 
996 7 |b 2610896560  |c 2-1483.050  |l MZK  |r Sklad / do 1 hodiny  |n 0  |p p.v.  |w 001880142  |u 000020  |a 1  |e BOA001  |j MZK50  |s A